Potus ve beyefendi : (Record no. 13363)

MARC details
000 -BAŞLIK
Sabit Uzunlukta Kontrol Alanı 00705nam a22002297a 4500
999 ## - SİSTEM KONTROL NUMARALARI (KOHA)
Koha Biblionumber 13363
Koha Biblioitemnumber 13363
003 - KONTROL NUMARASI IDENTIFIER
Denetim Alanı TR-AnCHP
005 - SON İŞLEM TARİHİ VE ZAMANI
Denetim Alanı 20190628181831.0
008 - SABİT-BOY VERİ ELEMANLARI - GENEL BİLGİLER
Sabit Uzunlukta Kontrol Alanı 190425b tu ||||| |||| 00| 0 tur d
020 ## - ULUSLARARASI STANDART KİTAP NUMARASI
Uluslararası Standart Kitap Numarası 9786050925319
040 ## - KATALOGLAMA KAYNAK
Orijinal Kataloglama Ajansı TR-AnCHP
Metne Dönüştürmek Ajansı TR-AnCHP
041 ## - DİL KODU
Metin / Ses Parça Veya Ayrı Başlığın Dil Kodu tur
082 ## - DEWEY ONLU SINIFLANDIRMA NUMARASI
Sınıflandırma Numarası 327.56073
Ürün Numarası T25p 2015
100 ## - ANA GİRİŞ - KİŞİSEL İSİM
Kişisel Ad Tanış, Tolga
245 1# - BAŞLIK TABLOSU
Başlık Potus ve beyefendi :
Başlığın Kalan 2002 gün Türkiye-Amerika ilişkisinin inişli-çıkışlı hikayesi /
Sorumluluk Tablosu, Vb Tolga Tanış.
250 ## - EDITION TABLOSU
Baskı Beyanı 8. bs.
260 ## - YAYIN, DAĞITIM, VB
Yayın, Dağıtım, Vb Yeri İstanbul :
Yayıncı, Dağıtıcı, Vs Adı Doğan Egmont Yayıncılık,
Yayın, Dağıtım, Vb Tarihi 2015.
300 ## - FİZİKSEL TANIM
Kapsam 535 s. ;
Boyutlar 24 sm.
650 #0 - KONU KATMA GİRİŞ - TOPİKAL DÖNEM
Topikal Süreli Veya Coğrafi Ad Giriş Elemanı Dış ilişkiler
9 (RLIN) 360
Genel Alt Bölümü Türkiye
Coğrafi Alt Bölümü Amerika Birleşik Devletleri
942 ## - EKLENDİ GİRİŞ ELEMANLARI (KOHA)
Sınıflandırma Veya Raf Düzeni Kaynak Dewey Decimal Classification
Koha Öğesi Türü Books
999 ## - SİSTEM KONTROL NUMARALARI (KOHA)
Koha Biblioitemnumber 13363
999 ## - SİSTEM KONTROL NUMARALARI (KOHA)
Koha Biblioitemnumber 13199
Holdings
Kalıcı Konum Mevcut Konum Edinme Tarihi Toplam Check-Out'Lar Tam Çağrı Numarası Barkod Tarih Son Görülme İtibaren Geçerli Fiyatlar Sigara Kamu Notu Koha Öğesi Türü
Parti Okulu Kütüphanesi Parti Okulu Kütüphanesi 06/28/2019   327.56073 T25p 2015 P00529 06/28/2019 06/28/2019 Ertuğrul Çepni bağışıdır. Books